[Event "ProMoPro Open 2003"]
[Site "?"]
[Date "2003.09.10"]
[Round "5.19"]
[White "Kudela, Stanislav"]
[Black "Kudrna, Jakub"]
[Result "1-0"]
[WhiteElo "2178"]
[BlackElo "1796"]
[PlyCount "119"]
[EventDate "2003.09.06"]

1. e4 e5 2. Nf3 Nf6 3. Nxe5 d6 4. Nf3 Nxe4 5. d4 d5 6. Bd3 Bd6 7. O-O O-O 8. c4
c6 9. cxd5 cxd5 10. Nc3 Nf6 11. Bg5 Be6 12. Re1 Nbd7 13. Rc1 Re8 14. Nb5 Bb4
15. Re2 Rc8 16. Rec2 Rxc2 17. Qxc2 Bg4 18. Nc7 Re7 19. Nh4 h6 20. Be3 Nb6 21.
Nb5 Nc8 22. h3 Bd7 23. a3 Ba5 24. b4 Bb6 25. Nc3 Nd6 26. Nf3 Be8 27. Ne5 Rc7
28. Qe2 Nde4 29. Na2 Rxc1+ 30. Nxc1 Ba4 31. Qf3 Qc7 32. Ne2 Bc2 33. Bxc2 Qxc2
34. Ng3 Ng5 35. Qe2 Qb1+ 36. Kh2 Ne6 37. Qd2 Qa1 38. Nf5 Qxa3 39. Bxh6 gxh6 40.
Qxh6 Bd8 41. Qh4 Ne4 42. Qg4+ N4g5 43. h4 Qc1 44. hxg5 Qxg5 45. Qxg5+ Bxg5 46.
b5 Nc7 47. Nd6 Bf4+ 48. g3 Bxe5 49. dxe5 d4 50. Kg2 b6 51. Kf3 Kf8 52. Ke4 Ke7
53. Nf5+ Kd7 54. Nxd4 a5 55. bxa6 Nxa6 56. Kd5 Nc7+ 57. Kc4 Ke7 58. Nb5 Nxb5
59. Kxb5 Ke6 60. f4 {cerny se vzdal} 1-0

[Event "ProMoPro Open 2003"]
[Site "?"]
[Date "2003.09.10"]
[Round "5.20"]
[White "Horinek, Karel"]
[Black "Novak, Vaclav"]
[Result "1-0"]
[WhiteElo "1946"]
[BlackElo "2113"]
[PlyCount "95"]
[EventDate "2003.09.06"]

1. e4 g6 2. f4 Bg7 3. Nf3 d6 4. d4 c6 5. Bd3 Nf6 6. c3 O-O 7. Na3 Nbd7 8. Nc2
b6 9. Ne3 Bb7 10. Qc2 Rc8 11. O-O c5 12. d5 Nh5 13. Ng4 c4 14. Be2 e6 15. dxe6
fxe6 16. Ng5 Qe7 17. Be3 Nhf6 18. Nxf6+ Nxf6 19. Bf3 e5 20. f5 gxf5 21. exf5 e4
22. Be2 Nd5 23. Bc1 Nf6 24. Ne6 Rfe8 25. Bg5 Qf7 26. Rf4 Bd5 27. Nd4 Nd7 28. f6
Bf8 29. Raf1 Ne5 30. Qd1 Ng6 31. Bh5 Re5 32. Nf5 {Diagram #} 32... Qc7 33. Bxg6
hxg6 34. Ne7+ Kf7 35. Qg4 Qc5+ 36. Kh1 Be6 37. Qh4 Rxg5 38. Qh7+ Ke8 39. Nxc8
Qxc8 40. Rxe4 d5 41. Re2 Qd7 42. Qh3 Kf7 43. Qh7+ Ke8 44. Qg8 Kd8 45. Qxf8+ Kc7
46. Rfe1 Rf5 47. Rxe6 Qxe6 48. Qe7+ {cerny se vzdal} 1-0

[Event "ProMoPro Open 2003"]
[Site "?"]
[Date "2003.09.10"]
[Round "5.21"]
[White "Matocha, Pavel"]
[Black "Rmoutil, Martin"]
[Result "1/2-1/2"]
[WhiteElo "1998"]
[BlackElo "1841"]
[PlyCount "87"]
[EventDate "2003.09.06"]

1. e4 c5 2. Nf3 d6 3. d4 cxd4 4. Nxd4 Nf6 5. Nc3 a6 6. Be2 e6 7. Be3 Be7 8. O-O
O-O 9. f4 Qc7 10. a4 Nc6 11. Qd2 Bd7 12. Bf3 Rac8 13. Nb3 Na5 14. Nxa5 Qxa5 15.
Nd5 Qd8 16. Bb6 Qe8 17. Nc7 Qd8 18. Qa5 d5 19. Nxd5 Bc5+ 20. Qxc5 Rxc5 21. Bxd8
Nxd5 22. exd5 Rxd8 23. dxe6 Bxe6 24. Rfd1 Rb8 25. Bxb7 Rxc2 26. Bxa6 Kf8 27.
Bf1 Rbxb2 28. Rd4 Ra2 29. Rxa2 Rxa2 30. Bb5 Ke7 31. Re4 Kd6 32. Re2 Ra3 33. Kf2
Bb3 34. Re3 Ra2+ 35. Re2 Ra3 36. Rd2+ Ke6 37. Bd7+ Ke7 38. Bb5 Bxa4 39. Rd7+
Kf6 40. Ra7 Ra2+ 41. Ke3 Bb3 42. Rxa2 Bxa2 43. g4 g5 44. Bd3 {remis} 1/2-1/2

[Event "ProMoPro Open 2003"]
[Site "?"]
[Date "2003.09.10"]
[Round "5.22"]
[White "Nemcova, Katerina"]
[Black "Hampel, Rudolf"]
[Result "1-0"]
[WhiteElo "2031"]
[BlackElo "1757"]
[PlyCount "121"]
[EventDate "2003.09.06"]

1. e4 c5 2. Nf3 e6 3. Nc3 Nc6 4. Bc4 Nf6 5. Qe2 Be7 6. d3 O-O 7. e5 Ne8 8. O-O
d5 9. Bb5 a6 10. Bxc6 bxc6 11. h3 f6 12. Bf4 f5 13. Nh2 a5 14. Bd2 a4 15. b3
axb3 16. axb3 Bb7 17. f4 Nc7 18. Qh5 Qe8 19. Qe2 d4 20. Rxa8 Bxa8 21. Na4 Nd5
22. Nb2 Bb7 23. Ra1 Qd7 24. Nc4 Ra8 25. Rxa8+ Bxa8 26. g4 g6 27. gxf5 gxf5 28.
Qh5 Bf8 29. Nf3 Qf7 30. Qxf7+ Kxf7 31. Ng5+ Ke7 32. Nxh7 Bh6 33. Ng5 Bb7 34.
Nd6 Ba6 35. Ndf7 Bxg5 36. Nxg5 Bc8 37. Kg2 Kf8 38. Kg3 Kg7 39. Kh4 Kg6 40. Nf3
Bd7 41. Ng1 Be8 42. Ne2 Bd7 43. Ng3 Be8 44. Nh5 Bf7 45. Nf6 Nxf6 46. exf6 Kxf6
47. Ba5 c4 48. Bd8+ Kg6 49. dxc4 Kh6 50. Bg5+ Kg6 51. Be7 Kh6 52. Bf8+ Kg6 53.
Bc5 Kh6 54. Bxd4 Bh5 55. b4 Bd1 56. b5 cxb5 57. cxb5 Bxc2 58. b6 Be4 59. Kg3
Kh5 60. Be5 Bd5 61. Kf2 {cerny se vzdal} 1-0

[Event "ProMoPro Open 2003"]
[Site "?"]
[Date "2003.09.10"]
[Round "5.23"]
[White "Vohnout, Pavel"]
[Black "Steinhauser, Frantisek"]
[Result "0-1"]
[WhiteElo "2008"]
[BlackElo "1763"]
[PlyCount "70"]
[EventDate "2003.09.06"]

1. e4 c5 2. Nc3 Nc6 3. g3 g6 4. Bg2 Bg7 5. d3 e6 6. Be3 d6 7. Qd2 Nge7 8. Bh6
O-O 9. h4 Qa5 10. h5 f5 11. hxg6 hxg6 12. Bxg7 Kxg7 13. Qh6+ Kf7 14. Qh7+ Kf6
15. exf5 exf5 16. g4 fxg4 17. O-O-O Bf5 18. Nd5+ Nxd5 19. Bxd5 Ne7 20. Bb3 d5
21. Qh4+ g5 22. Qg3 Rad8 23. f4 gxf4 24. Qxf4 Ng6 25. Qg3 c4 26. dxc4 dxc4 27.
Rd6+ Rxd6 28. Qxd6+ Kg5 29. Qg3 cxb3 30. Nf3+ Kf6 31. Qd6+ Kg7 32. Qd4+ Rf6 33.
Ng5 bxa2 34. Rh7+ Kg8 35. Rh8+ Nxh8 {bily se vzdal} 0-1

[Event "ProMoPro Open 2003"]
[Site "?"]
[Date "2003.09.10"]
[Round "5.24"]
[White "Voglova, Eva"]
[Black "Bernasek, Vaclav"]
[Result "0-1"]
[WhiteElo "1657"]
[BlackElo "1990"]
[PlyCount "103"]
[EventDate "2003.09.06"]

1. d4 Nf6 2. c4 c5 3. Nf3 e6 4. Nc3 a6 5. Bg5 h6 6. Bh4 g5 7. Bg3 Nh5 8. Be5 f6
9. Bg3 Qb6 10. Qd2 Nc6 11. d5 Nd4 12. e3 Nf5 13. Bd3 Nhg7 14. Ne4 Kf7 15. Qc3
Qb4 16. O-O-O Qxc3+ 17. Nxc3 e5 18. Nd2 d6 19. Na4 Be7 20. Nb6 Rb8 21. Bc2 h5
22. e4 Nd4 23. f3 Bd8 24. Nxc8 Rxc8 25. Be1 Ba5 26. Nb3 Bxe1 27. Rdxe1 b5 28.
Bd3 h4 29. Kd2 Rb8 30. Nxd4 exd4 31. b3 Nh5 32. Rhg1 Nf4 33. Rb1 Rb7 34. Bf1
Ng6 35. Be2 Ne5 36. Rgc1 Kg6 37. Rb2 b4 38. Re1 a5 39. Bd3 h3 40. g3 Nxf3+ 41.
Ke2 Nxe1 42. Kxe1 Kf7 43. Be2 f5 44. exf5 Re7 45. Kf2 Kf6 46. g4 Re3 47. Rd2
Rhe8 48. Bf1 R8e4 49. Be2 Rf4+ 50. Ke1 Ke5 51. Kd1 Rf2 52. Bd3 {bila se vzdala}
0-1

[Event "ProMoPro Open 2003"]
[Site "?"]
[Date "2003.09.10"]
[Round "5.25"]
[White "Krivanek, Vladimir"]
[Black "Korsa , Jindrich"]
[Result "1-0"]
[WhiteElo "1744"]
[BlackElo "1995"]
[PlyCount "67"]
[EventDate "2003.09.06"]

1. e4 e5 2. Nf3 Nc6 3. Nc3 Nf6 4. Bb5 d6 5. d4 Bd7 6. Bxc6 Bxc6 7. Qd3 exd4 8.
Nxd4 Be7 9. Nxc6 bxc6 10. f4 O-O 11. O-O d5 12. e5 Bc5+ 13. Kh1 Ng4 14. Qg3 f5
15. h3 Nh6 16. Ne2 Rb8 17. b3 Re8 18. Bb2 Re6 19. a3 Bb6 20. Nd4 Rg6 21. Qe1 c5
22. Nf3 Rc6 23. e6 Qe7 24. Ng5 c4 25. Qe5 Rd8 26. Nf7 d4 27. Nxd8 Rd6 28. Nf7
Rxe6 29. Nxh6+ gxh6 30. Qd5 c3 31. Bxc3 c6 32. Qc4 dxc3 33. Rfe1 Be3 34. Rxe3 {
cerny se vzdal} 1-0

[Event "ProMoPro Open 2003"]
[Site "?"]
[Date "2003.09.10"]
[Round "5.26"]
[White "Steinhauser, Dominik"]
[Black "Erneker, Josef"]
[Result "1/2-1/2"]
[WhiteElo "1793"]
[BlackElo "1990"]
[PlyCount "53"]
[EventDate "2003.09.06"]

1. e4 c5 2. Nf3 d6 3. d4 cxd4 4. Nxd4 Nf6 5. Nc3 g6 6. Be3 Bg7 7. f3 Nc6 8. Qd2
O-O 9. Bc4 Bd7 10. O-O-O Rc8 11. Bb3 Ne5 12. h4 Nc4 13. Bxc4 Rxc4 14. h5 Qa5
15. hxg6 fxg6 16. Bh6 Bxh6 17. Rxh6 Rf7 18. Rdh1 b5 19. Kb1 b4 20. Nd5 Nxd5 21.
Rxg6+ hxg6 22. Qh6 Rg7 23. Qh8+ Kf7 24. Rh7 Rxh7 25. Qxh7+ Kf6 26. Qh8+ Kf7 27.
Qh7+ {remis} 1/2-1/2

[Event "ProMoPro Open 2003"]
[Site "?"]
[Date "2003.09.10"]
[Round "5.27"]
[White "Kosra, Milan"]
[Black "Hoskovec, Jan"]
[Result "0-1"]
[WhiteElo "1713"]
[BlackElo "1891"]
[PlyCount "90"]
[EventDate "2003.09.06"]

1. e4 e6 2. d4 d5 3. Nc3 Nf6 4. Bg5 dxe4 5. Nxe4 Be7 6. Nxf6+ Bxf6 7. Bxf6 Qxf6
8. c3 Nd7 9. Qf3 Qe7 10. Qg3 Nf6 11. Bb5+ c6 12. Bd3 Bd7 13. Nf3 O-O-O 14. Ne5
g6 15. Qg5 h6 16. Qf4 Be8 17. O-O-O g5 18. Qd2 Nd5 19. Be4 f6 20. Nd3 Nb6 21.
f4 g4 22. Rhe1 Qd6 23. g3 h5 24. Nc5 f5 25. Bc2 Bf7 26. Bb3 Nd5 27. Nd3 Nf6 28.
Ne5 Be8 29. Bc2 Kb8 30. Qe2 Rh6 31. Nc4 Qd5 32. Qxe6 Qxe6 33. Rxe6 Bf7 34. Bxf5
Bxe6 35. Bxe6 Ne4 36. Bf5 Nd6 37. Nxd6 Rdxd6 38. Re1 Rd8 39. Kc2 Rhh8 40. Kd2
Rhf8 41. Bg6 h4 42. f5 hxg3 43. hxg3 Rd6 44. Ke3 Kc7 45. Kf4 Rxg6 {
bily se vzdal} 0-1

[Event "ProMoPro Open 2003"]
[Site "?"]
[Date "2003.09.10"]
[Round "5.28"]
[White "Cebis, Petr"]
[Black "Konopka, Lukas"]
[Result "1/2-1/2"]
[WhiteElo "1852"]
[BlackElo "1669"]
[PlyCount "24"]
[EventDate "2003.09.06"]

1. e4 c5 2. f4 e6 3. Nf3 Nc6 4. Nc3 d6 5. d4 cxd4 6. Nxd4 Bd7 7. Ndb5 Qb8 8.
Be3 Nf6 9. Qd2 a6 10. Na3 b5 11. Bxb5 axb5 12. Naxb5 Nxe4 {remis} 1/2-1/2

[Event "ProMoPro Open 2003"]
[Site "?"]
[Date "2003.09.10"]
[Round "5.30"]
[White "Listopad, Martin"]
[Black "Hybl , Vladislav"]
[Result "1/2-1/2"]
[WhiteElo "1823"]
[BlackElo "1827"]
[PlyCount "44"]
[EventDate "2003.09.06"]

1. e4 e6 2. d4 d5 3. e5 c5 4. c3 Nc6 5. Nf3 Qb6 6. Be2 Bd7 7. O-O cxd4 8. cxd4
Nge7 9. Nc3 Nf5 10. Na4 Qc7 11. Be3 Be7 12. Rc1 Nxe3 13. fxe3 O-O 14. a3 a5 15.
Bd3 f5 16. Qe1 Qd8 17. Nc5 Bxc5 18. Rxc5 b6 19. Rc2 Na7 20. Qg3 Rc8 21. Rfc1
Rxc2 22. Rxc2 Ba4 {remis} 1/2-1/2

[Event "ProMoPro Open 2003"]
[Site "?"]
[Date "2003.09.10"]
[Round "5.31"]
[White "Steinhauser , Antonin"]
[Black "Janota , Jiri"]
[Result "1-0"]
[WhiteElo "1763"]
[BlackElo "1571"]
[PlyCount "67"]
[EventDate "2003.09.06"]

1. e4 e5 2. d4 exd4 3. c3 Nf6 4. e5 Ne4 5. Bc4 d5 6. exd6 Nxd6 7. Bb3 Bf5 8.
cxd4 Be7 9. Nf3 Nc6 10. O-O O-O 11. Nc3 Na5 12. Nd5 Nxb3 13. Qxb3 Bf6 14. Bf4
c6 15. Nxf6+ Qxf6 16. Bg5 Qe6 17. Qxe6 Bxe6 18. Be7 Rad8 19. Bxf8 Kxf8 20. Rfe1
Bd5 21. Ne5 f6 22. Nd3 Ne4 23. Nf4 Ng5 24. Nxd5 Rxd5 25. f4 Nf7 26. Rad1 Nd6
27. g4 Nb5 28. Re4 Nd6 29. Re2 c5 30. a4 a6 31. b3 b5 32. Red2 c4 33. axb5 Ne4
34. bxc4 {cerny se vzdal} 1-0

[Event "ProMoPro Open 2003"]
[Site "?"]
[Date "2003.09.09"]
[Round "4.1"]
[White "Jirka, Jiri"]
[Black "Studnicka, Tomas"]
[Result "1/2-1/2"]
[WhiteElo "2400"]
[BlackElo "2282"]
[PlyCount "109"]
[EventDate "2003.09.06"]

1. d4 Nf6 2. c4 g6 3. g3 Bg7 4. Bg2 d5 5. cxd5 Nxd5 6. e4 Nb6 7. Ne2 c5 8. d5
e6 9. O-O O-O 10. Nec3 Na6 11. Nd2 Re8 12. a4 exd5 13. exd5 Bf5 14. a5 Bxc3 15.
bxc3 Nxd5 16. Qf3 Nac7 17. g4 Bd7 18. a6 b5 19. Ne4 Bxg4 20. Qxg4 f5 21. Qg3
fxe4 22. Bg5 Qd7 23. f4 e3 24. c4 Nc3 25. Qe1 Ne4 26. cxb5 Nxb5 27. Qxe3 Nxg5
28. Qb3+ Ne6 29. f5 gxf5 30. Bxa8 Rxa8 31. Qg3+ Qg7 32. Rxf5 Qxg3+ 33. hxg3
Nbd4 34. Re5 Rb8 35. Rf1 Rb6 36. Rf6 Rxa6 37. Rg5+ Nxg5 38. Rxa6 Kf7 39. Rxa7+
Ke6 40. Kf2 h5 41. Ke3 Kd5 42. Rg7 Ne4 43. g4 hxg4 44. Rxg4 Nd6 45. Kd3 Nc4 46.
Rg8 Ne5+ 47. Kc3 Nb5+ 48. Kb3 c4+ 49. Kc2 Nd6 50. Ra8 Nb5 51. Ra4 Nd4+ 52. Kc3
Nb5+ 53. Kc2 c3 54. Ra5 Kc4 55. Rxb5 {remis} 1/2-1/2

[Event "ProMoPro Open 2003"]
[Site "?"]
[Date "2003.09.09"]
[Round "4.2"]
[White "Cernousek, Lukas"]
[Black "Matras, Ondrej"]
[Result "1-0"]
[WhiteElo "2293"]
[BlackElo "2242"]
[PlyCount "39"]
[EventDate "2003.09.06"]

1. e4 e6 2. d4 d5 3. Nd2 c5 4. exd5 Qxd5 5. Ngf3 cxd4 6. Bc4 Qd6 7. O-O Nf6 8.
Re1 Nc6 9. Ne4 Nxe4 10. Rxe4 Be7 11. Nxd4 a6 12. Bf4 Qc5 13. Bd3 Nxd4 14. Rxd4
e5 15. Rc4 Qd5 16. Qh5 Bd6 17. Re1 g6 18. Qh6 Bf5 {#} 19. Bxe5 Bxe5 20. Qg7 {
cerny se vzdal} 1-0

[Event "ProMoPro Open 2003"]
[Site "?"]
[Date "2003.09.09"]
[Round "4.3"]
[White "Csala, Jan"]
[Black "Pirklova, Hana"]
[Result "1-0"]
[WhiteElo "2204"]
[BlackElo "2139"]
[PlyCount "65"]
[EventDate "2003.09.06"]

1. d4 Nf6 2. c4 g6 3. Nc3 Bg7 4. e4 d6 5. Nf3 O-O 6. Be2 Nc6 7. d5 Ne5 8. Nxe5
dxe5 9. O-O Ne8 10. Be3 f5 11. f3 f4 12. Bf2 g5 13. c5 Kh8 14. Qb3 Rf6 15. Nb5
Rg6 16. g4 a6 17. Na3 e6 18. d6 cxd6 19. cxd6 Qxd6 20. Rfd1 Qe7 21. Qb6 Bf6 22.
Nc4 Rg7 23. Rac1 h5 24. h3 hxg4 25. hxg4 Rh7 26. Kg2 Qg7 27. Qb3 Rb8 28. Nb6
Nc7 29. a4 Qf8 30. Qc3 Kg8 31. Bc5 Be7 32. Bxe7 Qxe7 33. Qxe5 {cerna se vzdala}
1-0

[Event "ProMoPro Open 2003"]
[Site "?"]
[Date "2003.09.09"]
[Round "4.4"]
[White "Urbankova, Eva"]
[Black "Neuman, Petr"]
[Result "0-1"]
[WhiteElo "2172"]
[BlackElo "2438"]
[PlyCount "64"]
[EventDate "2003.09.06"]

1. d4 Nf6 2. c4 d6 3. g3 g6 4. Bg2 Bg7 5. Nf3 O-O 6. O-O c6 7. Nc3 Qa5 8. Qc2
Qh5 9. Re1 e5 10. dxe5 dxe5 11. e4 Na6 12. a3 Nc7 13. Be3 Re8 14. Nd2 Ng4 15.
Nf1 Nxe3 16. Nxe3 Ne6 17. Ne2 Ng5 18. Nc3 Nh3+ 19. Kh1 {#} 19... Nf4 20. Qd1
Qxd1 21. Ncxd1 Nxg2 22. Kxg2 Be6 23. Nc3 Rad8 24. Rad1 Rd4 25. b3 Bf8 26. Nc2
Rxd1 27. Rxd1 b5 28. cxb5 Bxb3 29. Rd2 cxb5 30. Nxb5 Ba4 31. Nc3 Bxc2 32. Rxc2
Rc8 {bila se vzdala} 0-1

[Event "ProMoPro Open 2003"]
[Site "?"]
[Date "2003.09.09"]
[Round "4.5"]
[White "Hausner, Ivan"]
[Black "Hackel, Ludek"]
[Result "1-0"]
[WhiteElo "2441"]
[BlackElo "2107"]
[PlyCount "57"]
[EventDate "2003.09.06"]

1. d4 Nf6 2. c4 g6 3. Nc3 Bg7 4. e4 d6 5. f4 O-O 6. Nf3 Na6 7. e5 Ne8 8. Be2
Bg4 9. h3 Bxf3 10. Bxf3 c6 11. Be3 e6 12. O-O d5 13. cxd5 cxd5 14. Qb3 b5 15.
Qxb5 Nec7 16. Qe2 Qd7 17. a3 Rab8 18. b4 Nb5 19. Nxb5 Rxb5 20. Rfc1 Rb6 21. Qc2
Nb8 22. Qc7 Qa4 23. Bd1 Qb5 24. Qc5 Qd7 25. Qa5 Ra6 26. Qc7 Qb5 27. Kf2 Rc6 28.
Rxc6 Nxc6 29. Rc1 {cerny se vzdal} 1-0

[Event "ProMoPro Open 2003"]
[Site "?"]
[Date "2003.09.09"]
[Round "4.6"]
[White "Podbrdsky, Pavel"]
[Black "Stehno, Pavel"]
[Result "1/2-1/2"]
[WhiteElo "2142"]
[BlackElo "2327"]
[PlyCount "33"]
[EventDate "2003.09.06"]

1. Nf3 g6 2. e4 Bg7 3. d4 d6 4. Nc3 Nf6 5. Bc4 c6 6. a4 O-O 7. O-O a5 8. h3 Na6
9. Qe2 d5 10. exd5 cxd5 11. Bb3 Nb4 12. Bf4 Bf5 13. Rfe1 Qb6 14. Rad1 Rac8 15.
Ne5 Nd7 16. Nxd7 Bxd7 17. Nb5 {remis} 1/2-1/2

[Event "ProMoPro Open 2003"]
[Site "?"]
[Date "2003.09.09"]
[Round "4.7"]
[White "Forman, Stepan"]
[Black "Jinova, Lucie"]
[Result "1-0"]
[WhiteElo "2252"]
[BlackElo "2116"]
[PlyCount "43"]
[EventDate "2003.09.06"]

1. e4 e6 2. d4 d5 3. e5 c5 4. c3 Nc6 5. Nf3 Qb6 6. Be2 cxd4 7. cxd4 Nge7 8. Nc3
Nf5 9. Bb5 Bd7 10. O-O Be7 11. Bf4 O-O 12. g4 Nh4 13. Nxh4 Bxh4 14. g5 f6 15.
gxf6 gxf6 16. Qg4+ {#} 16... Kh8 17. Qxh4 Nxd4 18. Kh1 Nxb5 19. exf6 Nd6 20. f7
Rxf7 21. Be5+ Kg8 22. Qg3+ {cerna se vzdala} 1-0

[Event "ProMoPro Open 2003"]
[Site "?"]
[Date "2003.09.09"]
[Round "4.9"]
[White "Urbanek, Stepan"]
[Black "Vedral, Oldrich"]
[Result "1/2-1/2"]
[WhiteElo "2120"]
[BlackElo "2212"]
[PlyCount "98"]
[EventDate "2003.09.06"]

1. d4 d5 2. c4 c6 3. Nf3 Nf6 4. Nc3 e6 5. cxd5 exd5 6. Bg5 Be7 7. e3 O-O 8. Qc2
Nbd7 9. Bd3 Re8 10. O-O Nf8 11. h3 Ne4 12. Bxe7 Qxe7 13. Bxe4 dxe4 14. Nd2 f5
15. Ne2 Ng6 16. Qc5 Qxc5 17. dxc5 Ne5 18. b4 Be6 19. Nd4 Rad8 20. f3 exf3 21.
N2xf3 Nxf3+ 22. Rxf3 Bd5 23. Rxf5 Rxe3 24. Rf4 Rg3 25. Rg4 Rxg2+ 26. Rxg2 Bxg2
27. Kxg2 Rxd4 28. Rb1 Rd2+ 29. Kf3 Kf7 30. b5 cxb5 31. Rxb5 Rd7 32. Ke4 Ke7 33.
Ke5 Kd8 34. Ke6 Re7+ 35. Kd6 Rf7 36. Rb3 Rf6+ 37. Kd5 Kc7 38. Re3 Rf5+ 39. Kc4
Kc6 40. Re6+ Kd7 41. Re3 g5 42. Rd3+ Ke7 43. Rb3 b6 44. cxb6 axb6 45. Rxb6 h5
46. Rb3 Kd6 47. Kd4 Rf4+ 48. Ke3 Rh4 49. Kf2 Rc4 {remis} 1/2-1/2

[Event "ProMoPro Open 2003"]
[Site "?"]
[Date "2003.09.09"]
[Round "4.12"]
[White "Kubikova, Hana"]
[Black "Horyna, Josef"]
[Result "1-0"]
[WhiteElo "2145"]
[BlackElo "2029"]
[PlyCount "81"]
[EventDate "2003.09.06"]

1. Nf3 Nf6 2. c4 g6 3. d4 Bg7 4. Nc3 O-O 5. Bg5 d6 6. e3 Nbd7 7. Be2 c5 8. d5
h6 9. Bh4 Qa5 10. O-O a6 11. a4 Re8 12. Qc2 Nf8 13. Nd2 Bf5 14. e4 Bd7 15. f4
Ng4 16. Bxg4 Bd4+ 17. Bf2 Bxg4 18. f5 Bxc3 19. bxc3 gxf5 20. exf5 f6 21. Be3
Bh5 22. Bxh6 Kh7 23. Bf4 Nd7 24. Qd3 Rh8 25. Ne4 Rag8 26. Rae1 Ne5 27. Bxe5
dxe5 28. Re3 Rg4 29. Rh3 Kg7 30. d6 exd6 31. Ng3 Bf7 32. Rxh8 Kxh8 33. Qxd6 Kg7
34. Qe7 Qxc3 35. Nh5+ Kh6 36. Qxf7 Qe3+ 37. Kh1 Qe2 38. Rg1 Rg5 39. Ng3 Qe3 40.
Qxf6+ Kh7 41. Rd1 {cerny se vzdal} 1-0

[Event "ProMoPro Open 2003"]
[Site "?"]
[Date "2003.09.09"]
[Round "4.13"]
[White "Cabart, Pavel"]
[Black "Soural, Jan"]
[Result "0-1"]
[WhiteElo "1250"]
[BlackElo "2143"]
[PlyCount "54"]
[EventDate "2003.09.06"]

1. e4 c5 2. Nf3 d6 3. d4 cxd4 4. Nxd4 Nf6 5. Nc3 a6 6. f3 e5 7. Nb3 Be6 8. Bg5
Nbd7 9. Qd2 Be7 10. g4 b5 11. Bxf6 Bxf6 12. Qxd6 Be7 13. Qc6 Bh4+ 14. Kd1 Rc8
15. Qd6 Be7 16. Qd2 Bg5 17. Qd6 Be7 18. Qd2 O-O 19. Bd3 Nb6 20. Ke2 Bg5 21. Qe1
Bh4 22. Qd2 Qf6 23. Nd1 Nc4 24. Qb4 Qf4 25. h3 a5 26. Nxa5 Rfd8 27. Nxc4 bxc4 {
bily se vzdal} 0-1

[Event "ProMoPro Open 2003"]
[Site "?"]
[Date "2003.09.09"]
[Round "4.14"]
[White "Novak, Vaclav"]
[Black "Sodoma, Jan"]
[Result "0-1"]
[WhiteElo "2113"]
[BlackElo "2183"]
[PlyCount "90"]
[EventDate "2003.09.06"]

1. e4 e5 2. Nf3 Nc6 3. Bc4 Nf6 4. d3 Be7 5. Bg5 d6 6. c3 h6 7. Bh4 Na5 8. Bb5+
Bd7 9. Bxd7+ Qxd7 10. Nbd2 g5 11. Bg3 h5 12. h4 g4 13. Ng5 Ng8 14. b4 Nc6 15.
Qb3 Nd8 16. d4 f6 17. Nh7 Qe6 18. Qa4+ c6 19. dxe5 dxe5 20. Nxf6+ Nxf6 21.
O-O-O b5 22. Qb3 Qxb3 23. Nxb3 Nf7 24. f3 O-O 25. Na5 Rac8 26. Nb3 Rfd8 27.
Rxd8+ Rxd8 28. Rd1 Rxd1+ 29. Kxd1 Bd6 30. Ke2 Kf8 31. Ke3 Ke7 32. Kd3 Nd7 33.
Bf2 Nb6 34. Be3 gxf3 35. gxf3 Kd7 36. Nd2 Be7 37. f4 Bxh4 38. f5 Bg5 39. Bf2
Bxd2 40. Kxd2 Nc4+ 41. Kd3 a6 42. Bh4 Nh6 43. Ke2 Ng4 44. Bg5 Ke8 45. Kf3 Kf7 {
bily se vzdal} 0-1

[Event "ProMoPro Open 2003"]
[Site "?"]
[Date "2003.09.10"]
[Round "4.15"]
[White "Voboril, Pavel"]
[Black "Krivanek, Vladimir"]
[Result "1-0"]
[WhiteElo "2109"]
[BlackElo "1744"]
[PlyCount "65"]
[EventDate "2003.09.06"]

1. e4 d6 2. d4 Nf6 3. Nc3 Nbd7 4. Bg5 h6 5. Be3 c6 6. f3 e5 7. Nge2 d5 8. exd5
Nxd5 9. Nxd5 cxd5 10. dxe5 Nxe5 11. Nc3 Bb4 12. Qd4 Bxc3+ 13. Qxc3 Qe7 14.
O-O-O Nc4 15. Bxc4 dxc4 16. Bd4 O-O 17. f4 Bg4 18. Rde1 Qc7 19. h3 Bd7 20. Be5
Qc6 21. Bxg7 Rfe8 22. Be5 a5 23. g4 b5 24. Rhg1 b4 25. Qg3 Ra6 26. g5 h5 27.
Bf6 Rxe1+ 28. Rxe1 Bf5 {Diagram #} 29. Qf3 Qc8 30. Qxh5 Bh7 31. Qh6 Rxf6 32.
gxf6 Qf8 33. Re8 1-0

[Event "ProMoPro Open 2003"]
[Site "?"]
[Date "2003.09.09"]
[Round "4.16"]
[White "Horak, Karel"]
[Black "Vohnout, Pavel"]
[Result "1-0"]
[WhiteElo "1638"]
[BlackElo "2008"]
[PlyCount "67"]
[EventDate "2003.09.06"]

1. d4 d5 2. c4 e6 3. Nc3 Nf6 4. Bg5 Be7 5. e3 Nbd7 6. cxd5 exd5 7. Nf3 c6 8.
Bd3 O-O 9. O-O Re8 10. Qc2 Nf8 11. h3 Be6 12. Rab1 Rc8 13. b4 Qd7 14. Ne5 Qd8
15. Rfc1 Rc7 16. Na4 h6 17. Bxf6 Bxf6 18. Nf3 Qd6 19. b5 Rec8 20. b6 axb6 21.
Nxb6 Re8 22. a4 Nd7 23. a5 Nxb6 24. Rxb6 Ra8 25. Qa4 Bd7 26. Rc5 g5 27. Qb3 g4
28. hxg4 Bxg4 29. Rxb7 Rxb7 30. Qxb7 Rb8 31. Qxc6 Qe7 32. Qxd5 Bxf3 33. Qxf3
Rb2 34. Qg3+ {cermy se vzdal} 1-0

[Event "ProMoPro Open 2003"]
[Site "?"]
[Date "2003.09.09"]
[Round "4.17"]
[White "Bernasek, Vaclav"]
[Black "Forman, Miroslav"]
[Result "0-1"]
[WhiteElo "1990"]
[BlackElo "1826"]
[PlyCount "80"]
[EventDate "2003.09.06"]

1. e4 c5 2. Nf3 e6 3. d4 cxd4 4. Nxd4 a6 5. g3 Nf6 6. Bg2 Nc6 7. O-O Bc5 8. Nb3
Be7 9. a4 O-O 10. Be3 d6 11. a5 Bd7 12. Nc3 Ne5 13. Bb6 Qc8 14. Nd2 Bc6 15. f4
Ned7 16. Be3 Rd8 17. g4 d5 18. e5 Ne8 19. Bd4 Nc7 20. f5 Nb5 21. Nxb5 Bxb5 22.
Rf3 Bc5 23. c3 Nxe5 24. Rh3 Nd3 25. Nb3 Bxd4+ 26. Nxd4 Qc5 27. Qd2 e5 28. Qg5
exd4 29. f6 g6 30. b4 Qf8 31. Rh6 dxc3 32. Qh4 Qxb4 33. Bf3 Qd4+ 34. Kh1 Qf2
35. Qh3 Nf4 36. Qg3 Qxg3 37. hxg3 Nd3 38. Be2 Nf2+ 39. Kg2 Ne4 40. Rah1 Ng5 {
bily se vzdal} 0-1

[Event "ProMoPro Open 2003"]
[Site "?"]
[Date "2003.09.09"]
[Round "4.18"]
[White "Masek, Miroslav"]
[Black "Voglova, Eva"]
[Result "1-0"]
[WhiteElo "2178"]
[BlackElo "1657"]
[PlyCount "79"]
[EventDate "2003.09.06"]

1. d4 d5 2. Nf3 Nf6 3. c4 c6 4. Nc3 dxc4 5. a4 Bf5 6. Ne5 e6 7. f3 Bb4 8. g4
Nd5 9. Qd2 Qa5 10. Nxc4 Qd8 11. h4 b5 12. axb5 cxb5 13. Ne5 f6 14. gxf5 fxe5
15. e4 exd4 16. exd5 Qc7 17. Qxd4 Bc5 18. Bxb5+ Kf8 19. Qxc5+ Qxc5 20. fxe6 a6
21. Ke2 Ra7 22. Be3 Qc7 23. Ra4 g6 24. h5 Rb7 25. Rc4 Qd8 26. Rf4+ Kg8 27. Bc4
Qd6 28. b3 g5 29. Rf5 h6 30. Ne4 Qa3 31. d6 Qa2+ 32. Nd2 Kh7 33. Rc1 Nc6 34.
Bd3 Nb4 35. Bb1 Qb2 36. Be4 Qxc1 37. Bd4 Rd8 38. d7 Rdxd7 39. Rf7+ Kg8 40. Bh7#
1-0

[Event "ProMoPro Open 2003"]
[Site "?"]
[Date "2003.09.09"]
[Round "4.19"]
[White "Rmoutil, Martin"]
[Black "Pribyl, Josef"]
[Result "1/2-1/2"]
[WhiteElo "1841"]
[BlackElo "2393"]
[PlyCount "80"]
[EventDate "2003.09.06"]

1. d4 Nf6 2. Bg5 Ne4 3. Bh4 d5 4. f3 Nd6 5. Nc3 Nf5 6. Bf2 e6 7. e4 Ne7 8. Qd2
b6 9. O-O-O Ba6 10. Nge2 c6 11. g3 Nd7 12. Bg2 b5 13. Nf4 Ng6 14. exd5 Nxf4 15.
gxf4 cxd5 {#} 16. Nxd5 exd5 17. Rhe1+ Be7 18. Rxe7+ Qxe7 19. Re1 Nb6 20. Rxe7+
Kxe7 21. Qb4+ Ke8 22. Bh4 f6 23. Qd6 Bc8 24. Be1 Kf7 25. Ba5 Re8 26. Bxb6 axb6
27. Qxd5+ Be6 28. Qb7+ Kg8 29. Qxb6 Bd7 30. a3 Re2 31. Qb7 Rc8 32. Qxd7 Rcxc2+
33. Kd1 h6 34. Bh3 Rcd2+ 35. Kc1 Rc2+ 36. Kd1 Rcd2+ 37. Kc1 Rc2+ 38. Kd1 Rcd2+
39. Kc1 Rc2+ 40. Kd1 Rcd2+ {remis} 1/2-1/2

[Event "ProMoPro Open 2003"]
[Site "?"]
[Date "2003.09.09"]
[Round "4.20"]
[White "Nemcova, Kristyna"]
[Black "Havrlik, Pavel"]
[Result "0-1"]
[WhiteElo "1808"]
[BlackElo "2003"]
[PlyCount "68"]
[EventDate "2003.09.06"]

1. e4 Nc6 2. d4 d5 3. e5 Bf5 4. f4 h5 5. Nf3 h4 6. Be3 h3 7. g3 Bg4 8. Be2 Nh6
9. Nh4 Qd7 10. Nd2 Bxe2 11. Qxe2 Nf5 12. Ndf3 Nxe3 13. Qxe3 g6 14. O-O-O e6 15.
Nd2 Na5 16. Nhf3 b6 17. Nb3 Nc4 18. Qd3 Qa4 19. Kb1 Qb5 20. Nfd2 a5 21. Qf1 Qc6
22. Qe2 a4 23. Nc1 Ra5 24. Nxc4 dxc4 25. Qe3 Bb4 26. a3 Be7 27. Ne2 b5 28. c3
Qd5 29. Rhg1 Ra8 30. g4 c5 31. Ka1 cxd4 32. Nxd4 Bc5 33. Qd2 Qb7 34. Rg3 Rd8 {
atd...} 0-1